000 00621cam a22002173a 4500
001 45866
003 PGUSA
005 20140828084052.0
008 140602s2014||||xxu|||||s|||||000 | eng d
040 _aPGUSA
_beng
042 _adc
100 1 _aKauffman, Reginald Wright,
_d1877-1959
245 1 4 _aThe Spider's Web
_h[electronic resource] /
_cReginald Wright Kauffman
260 _bProject Gutenberg,
_c2014
506 _aPublic domain in the USA.
516 _aElectronic text
700 1 _aPaleologue, Jean
830 0 _aProject Gutenberg
_v45866
856 4 0 _uhttp://www.gutenberg.org/ebooks/45866
942 _cEB
999 _c275116
_d275116